Steven Universe - Stronger Than You - Lyrics Quiz - Statistics

General Stats
  • This quiz has been taken 90 times
  • The average score is 249 of 311
Answer Stats
Character Lyrics % Correct
I
100%
a
96%
And
96%
and
96%
Back
96%
back
96%
I'm
96%
is
96%
to
96%
together.
96%
you
96%
you.
96%
You
96%
be
94%
'cause
94%
'Cause
94%
Garnet.
94%
"Go
94%
go,
94%
Go
94%
never
94%
of
94%
of,
94%
of.
94%
O-o-o-o-of
94%
the
92%
The
92%
Garnet | Garnet (singing) This
92%
this
92%
this,
92%
better.
90%
me
90%
me,
90%
so
90%
like
88%
mad
88%
much
88%
am
86%
am.
86%
down
86%
going
86%
her".
86%
if
86%
If
86%
two
86%
two.
86%
your
86%
you're
86%
at
84%
get
84%
let
84%
us
84%
we
84%
We
84%
able.
82%
ahead
82%
ain't
82%
because
82%
every
82%
gonna
82%
just
82%
Lo-o-o-o-ove.
82%
on
82%
try
82%
follow
80%
hands
80%
rules.
80%
saying
80%
are
78%
are.
78%
Let's
78%
likes
78%
made
78%
one
78%
part
78%
stable?
78%
than
78%
think
78%
can
76%
Come
76%
come
76%
hit
76%
my
76%
relationship
76%
see
76%
single.
76%
that
76%
that!
76%
tools.
76%
what
76%
But
74%
Can't
74%
stronger
74%
who
74%
fancy
72%
again.
70%
any
70%
friends.
70%
stop
70%
without
70%
Then
68%
way
68%
end,
66%
feeling,
66%
will
66%
hurt
64%
planet,
64%
won't
64%
forever.
62%
hate
62%
intermingle.
62%
need
62%
not
62%
gem
60%
stay
58%
we'll
58%
conversation.
56%
always
54%
more
54%
them.
54%
it's
52%
know
52%
twice
52%
apart,
50%
newer.
50%
break
46%
fury.
46%
even
44%
Everything
44%
patience.
44%
their
44%
care
42%
Peridot (talking) Don't
42%
don't
42%
got
42%
they
42%
about
40%
doing!
38%
afraid
32%
clods
32%
Pearl!
30%
ship.
28%
touch
28%
seen
26%
something
26%
you've
26%
Pearl (talking) Okay,
22%
around!
14%
Turn
14%
No matching quizzes found
Score Distribution
Percent of People with Each Score
Percentile by Number Answered
Your Score History
You have not taken this quiz